Módulos de formación para la empleabilidad y la ciudadanía / (Registro nro. 172)
[ vista simple ]
| 000 -LEADER | |
|---|---|
| fixed length control field | 02543nam a2200361Ia 4500 |
| 003 - CONTROL NUMBER IDENTIFIER | |
| control field | PE SENCICO BE |
| 005 - DATE AND TIME OF LATEST TRANSACTION | |
| control field | 20251020182428.0 |
| 008 - FIXED-LENGTH DATA ELEMENTS--GENERAL INFORMATION | |
| fixed length control field | 200515s9999 xx 000 0 und d |
| 020 ## - INTERNATIONAL STANDARD BOOK NUMBER | |
| International Standard Book Number | 92-9088-107-2 |
| 040 ## - CATALOGING SOURCE | |
| Original cataloging agency | PE SENCICO BE |
| Transcribing agency | PE SENCICO BE |
| 041 ## - LANGUAGE CODE | |
| Language code of text/sound track or separate title | spa |
| 082 ## - DEWEY DECIMAL CLASSIFICATION NUMBER | |
| Classification number | 331.12042 |
| Item number | G98M |
| 100 1# - MAIN ENTRY--PERSONAL NAME | |
| Personal name | Guzmán, Virginia |
| 9 (RLIN) | 2400 |
| Relator term | autor |
| 245 10 - TITLE STATEMENT | |
| Title | Módulos de formación para la empleabilidad y la ciudadanía / |
| Statement of responsibility, etc. | Virginia Guzmán, María E. Irigoin |
| 250 ## - EDITION STATEMENT | |
| Edition statement | 1a ed. |
| 260 ## - PUBLICATION, DISTRIBUTION, ETC. | |
| Place of publication, distribution, etc. | Montevideo : |
| Name of publisher, distributor, etc. | CINTERFOR ; |
| Date of publication, distribution, etc. | 2000 |
| 300 ## - PHYSICAL DESCRIPTION | |
| Extent | 2 volúmenes : |
| Other physical details | tbl. ; |
| Dimensions | 29 cm. |
| 490 ## - SERIES STATEMENT | |
| Series statement | Formujer, formación y oportunidades |
| 505 0# - FORMATTED CONTENTS NOTE | |
| Formatted contents note | Volumen 1: Documento de base para el diseño curricular. Primera Parte: Antecedentes -- Trabajo, género y pobreza -- La formación profesional -- La competencia profesional -- La formación basada en el enfoque de competencia laboral -- Una estrategia curricular para avanzar hacia una formación modular basada en el enfoque de competencia laboral -- Segunda parte: Las capacidades a desarrollar en los Módulos de Formación para la Empleabilidad y la Ciudadanía -- Un enfoque curricular para trabajar el informe Seans modificado en los Módulos de Formación para la Empleabilidad y para la Ciudadanía -- Estructura de los módulos -- Objetivos y contenidos principales del Módulo de Formación para la Empleabilidad -- Objetivos y contenidos principales del Módulo de Formación para la ciudadanía -- Tercera parte: Estrategias de operacionalización y estrategias metodológicas -- La evaluación -- Volumen 2: Instrumentos de evaluación. Módulo de formación para la empleabilidad -- Módulo de formación para la ciudadanía |
| 520 3# - SUMMARY, ETC. | |
| Summary, etc. | Texto que contiene dos módulos instruccionales, que consideran la posición particular de las mujeres en la sociedad, sus experiencias, necesidades y demandas masculinas. |
| 610 10 - SUBJECT ADDED ENTRY--CORPORATE NAME | |
| 9 (RLIN) | 2403 |
| Corporate name or jurisdiction name as entry element | CINTERFOR |
| 650 10 - SUBJECT ADDED ENTRY--TOPICAL TERM | |
| Topical term or geographic name entry element | Empleabilidad |
| 9 (RLIN) | 2404 |
| 650 20 - SUBJECT ADDED ENTRY--TOPICAL TERM | |
| Topical term or geographic name entry element | Educación basada en competencias |
| 9 (RLIN) | 2410 |
| 650 20 - SUBJECT ADDED ENTRY--TOPICAL TERM | |
| Topical term or geographic name entry element | Desempeño laboral |
| 9 (RLIN) | 2411 |
| 650 20 - SUBJECT ADDED ENTRY--TOPICAL TERM | |
| Topical term or geographic name entry element | Ciudadanía |
| 9 (RLIN) | 2408 |
| 650 20 - SUBJECT ADDED ENTRY--TOPICAL TERM | |
| Topical term or geographic name entry element | Formación profesional |
| 9 (RLIN) | 1311 |
| 650 20 - SUBJECT ADDED ENTRY--TOPICAL TERM | |
| Topical term or geographic name entry element | Mujeres trabajadoras |
| 9 (RLIN) | 2407 |
| 650 20 - SUBJECT ADDED ENTRY--TOPICAL TERM | |
| Topical term or geographic name entry element | Condiciones sociales de las mujeres |
| 9 (RLIN) | 2412 |
| 710 1# - ADDED ENTRY--CORPORATE NAME | |
| 9 (RLIN) | 2401 |
| Corporate name or jurisdiction name as entry element | Programa Regional para el Fortalecimiento de la Formación Profesional y Técnica de Mujeres de Bajos Ingresos |
| 710 1# - ADDED ENTRY--CORPORATE NAME | |
| 9 (RLIN) | 2182 |
| Corporate name or jurisdiction name as entry element | Organización Internacional del Trabajo |
| 710 1# - ADDED ENTRY--CORPORATE NAME | |
| 9 (RLIN) | 2178 |
| Corporate name or jurisdiction name as entry element | Centro Interamericano de Investigación y Documentación sobre Formación Profesional |
| 942 ## - ADDED ENTRY ELEMENTS (KOHA) | |
| Koha item type | Libros |
| Source of classification or shelving scheme | Dewey Decimal Classification |
| Fecha de la última vez que lo usaron | Número de ingreso o de inventario | Pago total | Signatura topográfica completa | Código de barras | Precio efectivo desde | Tipo de documento | Estado perdido | Sistema de clasificación | Estado dañado | No es para préstamo | Retirado | Ubicación permanente | Ubicación actual | Fecha de adquisición |
|---|---|---|---|---|---|---|---|---|---|---|---|---|---|---|
| 15/05/2020 | 12004 | 331.12042/G98M/v. 1 | BibLima24070068 | 15/05/2020 | Libros | Dewey Decimal Classification | Biblioteca Central Lima | Biblioteca Central Lima | 15/05/2020 | |||||
| 10/07/2024 | 12003 | 331.12042/G98M/v. 2 | BibLima24070069 | 10/07/2024 | Libros | Dewey Decimal Classification | Biblioteca Central Lima | Biblioteca Central Lima | 10/07/2024 |